Process systems analysis and control / (Record no. 17987)
[ view plain ]
| 000 -LEADER | |
|---|---|
| fixed length control field | 01270cam a2200361 a 4500 |
| 001 - CONTROL NUMBER | |
| control field | 15271999 |
| 005 - DATE AND TIME OF LATEST TRANSACTION | |
| control field | 20140129131344.0 |
| 008 - FIXED-LENGTH DATA ELEMENTS--GENERAL INFORMATION | |
| fixed length control field | 080422t2009 xxua frb 001 0 eng d |
| 010 ## - LIBRARY OF CONGRESS CONTROL NUMBER | |
| LC control number | 2008018252 |
| 020 ## - INTERNATIONAL STANDARD BOOK NUMBER | |
| International Standard Book Number | 9780073397894 (hard copy : alk. paper) |
| 020 ## - INTERNATIONAL STANDARD BOOK NUMBER | |
| International Standard Book Number | 007339789X (hard copy : alk. paper) |
| 020 ## - INTERNATIONAL STANDARD BOOK NUMBER | |
| International Standard Book Number | 9780072432503 (hbk.) |
| 020 ## - INTERNATIONAL STANDARD BOOK NUMBER | |
| International Standard Book Number | 0072432500 (hbk.) |
| 020 ## - INTERNATIONAL STANDARD BOOK NUMBER | |
| International Standard Book Number | 9780071121866 (pbk.) |
| 020 ## - INTERNATIONAL STANDARD BOOK NUMBER | |
| International Standard Book Number | 0071121862 (pbk.) |
| 035 ## - SYSTEM CONTROL NUMBER | |
| System control number | (OCoLC)ocn226308145 |
| 040 ## - CATALOGING SOURCE | |
| Original cataloging agency | DLC |
| Transcribing agency | DLC |
| Modifying agency | UKM |
| -- | BAKER |
| -- | YDXCP |
| -- | BTCTA |
| -- | C#P |
| -- | BWX |
| -- | DLC |
| 082 04 - DEWEY DECIMAL CLASSIFICATION NUMBER | |
| Classification number | 660.2815 |
| Edition number | 22 |
| Item number | LEB |
| 100 1# - MAIN ENTRY--PERSONAL NAME | |
| Personal name | LeBlanc, Steven E. |
| 9 (RLIN) | 34973 |
| 245 10 - TITLE STATEMENT | |
| Title | Process systems analysis and control / |
| Statement of responsibility, etc | Steven E. LeBlanc, Donald R. Coughanowr. |
| 250 ## - EDITION STATEMENT | |
| Edition statement | 3rd ed. |
| 260 ## - PUBLICATION, DISTRIBUTION, ETC. (IMPRINT) | |
| Place of publication, distribution, etc | Boston, United States : |
| Name of publisher, distributor, etc | McGraw-Hill Higher Education, |
| Date of publication, distribution, etc | c.2009 |
| Manufacturer | (Acid-Free Paper) |
| 300 ## - PHYSICAL DESCRIPTION | |
| Extent | xx, 602 p. : |
| Other physical details | ill. ; |
| Dimensions | 24 cm. |
| 490 1# - Series Statement | |
| Series statement | McGraw-Hill chemical engineering series |
| 500 ## - GENERAL NOTE | |
| General note | Index : p. 599-602. |
| 504 ## - BIBLIOGRAPHY, ETC. NOTE | |
| Bibliography, etc | Bibliography : p. 597-598. |
| 650 #0 - SUBJECT ADDED ENTRY--TOPICAL TERM | |
| Topical term or geographic name as entry element | Chemical process control |
| 9 (RLIN) | 11421 |
| 653 ## - INDEX TERM--UNCONTROLLED | |
| Resource For college | |
| Arrived date list | January2014 |
| 655 ## - INDEX TERM--GENRE/FORM | |
| Form subdivision | |
| -- | 34232 |
| 700 1# - ADDED ENTRY--PERSONAL NAME | |
| Personal name | Coughanowr, Donald R. |
| 9 (RLIN) | 34975 |
| 830 #0 - SERIES ADDED ENTRY--UNIFORM TITLE | |
| Uniform title | McGraw-Hill chemical engineering series |
| 9 (RLIN) | 34977 |
| 942 ## - ADDED ENTRY ELEMENTS (KOHA) | |
| Source of classification or shelving scheme | Dewey Decimal Classification |
| Call number prefix | 660.2815 LEB |
| Withdrawn status | Item status | Source of classification or shelving scheme | Damaged status | Not for loan | Vendor | Home library | Current library | Shelving location | Date acquired | Source of acquisition | Total Checkouts | Total Renewals | Full call number | Barcode | Checked out | Date last seen | Date last borrowed | Koha item type |
|---|---|---|---|---|---|---|---|---|---|---|---|---|---|---|---|---|---|---|
| Dewey Decimal Classification | Baccah | Central Library | Central Library | First floor | 29/01/2014 | 3 | 16 | 660.2815 LEB | 000035531 | 01/10/2024 | 05/12/2022 | 05/12/2022 | Book - Borrowing |